Second-level NUTS of the European Union - Statistics

General Stats
  • This quiz has been taken 167 times
  • The average score is 61 of 237
Answer Stats
Code Answer % Correct
AT1 Vienna
67%
DE3 Berlin
66%
ES5 Catalonia
62%
DE6 Hamburg
62%
BE1 Brussels Capital Region
61%
ES3 Community of Madrid
61%
ITG Sicily
60%
FR1 Île-de-France
59%
ITG Sardinia
58%
DE5 Free Hanseatic City of Bremen
57%
ES6 Andalusia
56%
ES2 Basque Community
56%
ES1 Galicia
56%
BE3 | LU0 Luxembourg
56%
AT3 Salzburg
56%
AT3 Tyrol
56%
ES5 Valencian Community
55%
ITC Lombardy
54%
AT1 Lower Austria
53%
CZ0 Prague
53%
ITI Lazio
52%
AT3 Upper Austria
52%
ES2 Aragon
51%
FR8 Corsica
51%
ITI Tuscany
51%
ES7 Canary Islands
49%
PT1 Lisbon
48%
EE0 Estonia
47%
ES6 Region of Murcia
47%
BE2 Antwerp
46%
ITH Veneto
46%
ES1 Asturias
45%
LV0 Latvia
45%
ITC Piedmont
45%
FR5 Brittany
44%
ITF Calabria
44%
LT0 Lithuania
44%
SE1 Stockholm County
44%
NL3 Utrecht
44%
AT3 Vorarlberg
44%
ITC Aosta Valley
43%
ITH Emilia-Romagna
43%
BE3 Liège
43%
ITC Liguria
43%
NL3 North Holland
43%
AT2 Styria
43%
ES1 Cantabria
42%
CY0 Cyprus
42%
ES4 Extremadura
42%
ITF Abruzzo
41%
AT1 Burgenland
41%
ITF Campania
41%
ES2 Navarre
41%
NL3 South Holland
41%
NL3 Zeeland
41%
PT2 Azores
40%
ES5 Balearic Islands
40%
AT2 Carinthia
40%
PL2 Silesia
40%
ES2 La Rioja
39%
BE2 | NL4 Limburg
39%
PT3 Madeira
39%
BE3 Namur
39%
ITI Marche
38%
DEC Saarland
38%
ITF Apulia
37%
FR2 Centre
37%
MT0 Malta
37%
ITI Umbria
36%
FR4 Alsace
35%
DEA Cologne
35%
FR4 Lorraine
35%
FR7 Auvergne
34%
ITF Basilicata
34%
DED Dresden
33%
ITF Molise
33%
BE2 West Flanders
33%
NL1 Friesland
32%
NL1 Groningen
32%
BE3 Hainaut
32%
PL6 Pomerania
32%
DE1 Stuttgart
32%
FR6 Aquitaine
31%
BE2 East Flanders
31%
EL4 Crete
30%
NL4 North Brabant
30%
DK0 Zealand
30%
DEA Düsseldorf
29%
DED Leipzig
29%
PL5 Lower Silesia
29%
ES6 Ceuta
27%
NL2 Flevoland
27%
ES6 Melilla
27%
NL2 Overijssel
27%
DEE Saxony-Anhalt
27%
FR2 Burgundy
26%
PL4 Greater Poland
26%
PL1 Łódź
26%
FR7 Rhône-Alpes
26%
PT1 Algarve
25%
NL1 Drenthe
25%
PL2 Lesser Poland
25%
DEA Münster
25%
DK0 North Jutland
25%
DEG Thuringia
25%
BE3 Walloon Brabant
25%
BE2 Flemish Brabant
24%
ITH Friuli-Venezia Giulia
24%
NL2 Gelderland
24%
DE9 Hanover
24%
FRA Martinique
24%
ES4 Castile and León
23%
ES4 Castile-La Mancha
23%
FR4 Franche-Comté
23%
PL3 Lublin
23%
FRA Mayotte
23%
FR5 Pays de la Loire
23%
CZ0 Southeast
23%
ITH Trentino-Alto Adige/Südtirol
23%
EL3 Attica
22%
FRA Guadeloupe
22%
FR2 Lower Normandy
22%
FR3 Nord-Pas-de-Calais
22%
CZ0 Northwest
22%
DEF Schleswig-Holstein
22%
CZ0 Southwest
22%
FR2 Upper Normandy
22%
CZ0 Central Bohemia
21%
FRA French Guiana
21%
CZ0 Northeast
21%
PL5 Opole Voivodeship
21%
DE1 Karlsruhe
20%
DE2 Lower Bavaria
20%
FI1 North Finland
20%
FR2 Picardy
20%
DE2 Upper Bavaria
20%
PL4 West Pomerania
20%
FI2 Åland
19%
EL5 Epirus
19%
PL1 Mazovia
19%
DE8 Mecklenburg-Vorpommern
19%
DK0 Central Jutland
18%
EL5 Central Macedonia
18%
DE7 Kassel
18%
FR8 Provence-Alpes-Côte d'Azur
18%
FI1 South Finland
18%
EL6 Thessaly
18%
PT1 Alentejo
17%
FR2 Champagne-Ardenne
17%
DED Chemnitz
17%
DE1 Freiburg
17%
FR6 Limousin
17%
FR6 Midi-Pyrénées
17%
FR8 Languedoc-Roussillon
16%
FI1 East Finland
15%
PT1 Norte
15%
EL6 Peloponnese
15%
FR5 Poitou-Charentes
15%
DE2 Swabia
15%
FI1 West Finland
15%
DE7 Darmstadt
14%
DE2 Lower Franconia
14%
PL4 Lubusz
14%
EL4 North Aegean
14%
EL4 South Aegean
14%
DEB Trier
14%
DE2 Upper Franconia
14%
DE2 Upper Palatinate
14%
EL5 Western Macedonia
14%
EL6 Central Greece
13%
PT1 Centro
13%
DE2 Middle Franconia
13%
DE9 Braunschweig
12%
HU1 Central Hungary
12%
EL5 Eastern Macedonia and Thrace
12%
EL6 Ionian Islands
12%
DEB Koblenz
12%
CZ0 Moravia-Silesia
12%
DK0 Region of Southern Denmark
12%
DE1 Tübingen
12%
SE2 South Sweden
11%
EL6 Western Greece
11%
SK0 Central Slovakia
10%
SK0 Eastern Slovakia
10%
SI0 Eastern Slovenia
10%
DE7 Gießen
10%
DK0 Hovedstaden
10%
PL3 Podlaskie
10%
SK0 Western Slovakia
10%
SI0 Western Slovenia
10%
CZ0 Central Moravia
8%
PL6 Kuyavian-Pomeranian
8%
PL3 Subcarpathian
8%
SE2 West Sweden
8%
DEA Arnsberg
7%
DE9 Lüneburg
7%
HU3 Northern Hungary
6%
PL3 Świętokrzyskie
6%
RO4 Vest
6%
DE9 Weser-Ems
6%
RO1 Centru
5%
DEA Detmold
5%
FRA La Réunion
5%
DEB Rheinhessen-Pfalz
5%
BG3 Severen tsentralen
5%
HR0 Adriatic Croatia
4%
IE0 Border
4%
DE4 Brandenburg-Northeast
4%
DE4 Brandenburg-Southwest
4%
RO2 Nord-Est
4%
BG3 Severoiztochen
4%
BG3 Severozapaden
4%
RO2 Sud-Est
4%
BG3 Yugoiztochen
4%
BG4 Yugozapaden
4%
BG4 Yuzhen tsentralen
4%
HR0 Continental Croatia
3%
RO1 Nord-Vest
3%
SK0 Bratislava Region
2%
RO3 București - Ilfov
2%
SE2 Småland and the islands
2%
RO3 Sud - Muntenia
2%
RO4 Sud-Vest Oltenia
2%
PL6 Varmia-Masuria
2%
HU2 Central Transdanubia
1%
SE1 East Middle Sweden
1%
IE0 Midland and Western
1%
HU3 Northern Great Plain
1%
SE3 North Middle Sweden
1%
IE0 Southern and Eastern
1%
HU3 Southern Great Plain
1%
HU2 Southern Transdanubia
1%
SE3 Upper Norrland
1%
HU2 Western Transdanubia
1%
SE3 Middle Norrland
0%
No matching quizzes found
Score Distribution
Percent of People with Each Score
Percentile by Number Answered
Your Score History
You have not taken this quiz